header

In M. Antonium orationes Philippicae XIV (Record no. 210078)

MARC details
000 -LEADER
fixed length control field 01468nam a2200361 a 4500
100 1# - MAIN ENTRY--AUTHOR NAME
Personal name Cicero, Marcus Tullius.
245 10 - TITLE STATEMENT
Title In M. Antonium orationes Philippicae XIV
250 ## - EDITION STATEMENT
Edition statement 2. Aufl.
260 ## - PUBLICATION, DISTRIBUTION, ETC. (IMPRINT)
Place of publication Leipzig :
Name of publisher B.G. Teubner,
Year of publication 1986.
300 ## - PHYSICAL DESCRIPTION
Number of Pages xxvii, 193 p.
490 0# - SERIES STATEMENT
Series statement M. Tulli Ciceronis Scripta quae manserunt omnia ;
650 #0 - SUBJECT ADDED ENTRY--TOPICAL TERM
Topical Term Speeches, addresses, etc., Latin.
700 1# - ADDED ENTRY--PERSONAL NAME
Personal name Fedeli, Paolo.
856 40 - ELECTRONIC LOCATION AND ACCESS
Uniform Resource Identifier http://site.ebrary.com/lib/rucke/Doc?id=10591345

No items available.

© 2026 Rongo University
Contact us: librarian | system librarian | Rongo university